Scrambled “K” Words - Statistics

General Stats
  • This quiz has been taken 57 times
  • The average score is 21 of 30
Answer Stats
Hint Answer % Correct
knraooag kangaroo
93%
kerepe keeper
91%
iekllr killer
91%
kimnoo kimono
91%
thnigk knight
91%
etkraa karate
84%
kltete kettle
84%
ekydin kidney
84%
braokeyd keyboard
80%
ckknuel knuckle
80%
puhktec ketchup
77%
neivsk knives
75%
woyrekd keyword
73%
mokidgn kingdom
73%
oaekrka karaoke
70%
eoeyknt keynote
70%
ikdnreapp kidnapper
70%
ufriktwii kiwifruit
70%
inntgkit knitting
70%
ncekthi kitchen
68%
utnokcko knockout
66%
icknkdsat kickstand
61%
keixocrkb kickboxer
59%
khoesr kosher
57%
insnekds kindness
52%
weekdlong knowledge
52%
ainsmnk kinsman
50%
anpeeck kneecap
41%
kaslbeia kielbasa
39%
etmlorkie kilometer
30%
No matching quizzes found
Score Distribution
Percent of People with Each Score
Percentile by Number Answered
Your Score History
You have not taken this quiz